Du mariage considéré dans ses rapports physiques et moraux (Record no. 165269)

MARC details
000 -LEADER
campo de control de longitud fija 00876nam a22001815i 4500
001 - NÚMERO DE CONTROL
campo de control 165269
003 - IDENTIFICADOR DE NÚMERO DE CONTROL
campo de control ES-MaACL
005 - FECHA Y HORA DE LA ÚLTIMA TRANSACCIÓN
campo de control 20251015063147.0
008 - DATOS DE LONGITUD FIJA--INFORMACIÓN GENERAL
campo de control de longitud fija 011031s1845 fr |||| | fre d
040 ## - FUENTE DE CATALOGACIÓN
Centro catalogador/agencia de origen CCPB | B
Lengua de catalogación spa
Centro/agencia transcriptor CCPB | B
100 1# - ENTRADA PRINCIPAL--NOMBRE DE PERSONA
Nombre de persona Serrurier, Jean-Baptiste-Toussaint,
Fechas asociadas al nombre 1776-1853
9 (RLIN) 132682
245 10 - MENCIÓN DEL TÍTULO
Título Du mariage considéré dans ses rapports physiques et moraux
Resto del título : inconvénients des unions entre individues entachés d'un principe constitutif héréditare /
Mención de responsabilidad, etc. par Serrurier.
260 ## - PUBLICACIÓN, DISTRIBUCIÓN, ETC.
Lugar de publicación, distribución, etc. Paris :
Nombre del editor, distribuidor, etc. J.B. Baillière,
Fecha de publicación, distribución, etc. 1845 (
Fabricante Schneider et Langrand)
300 ## - DESCRIPCIÓN FÍSICA
Extensión 60 p. ;
Dimensiones 20 cm.
650 #7 - PUNTO DE ACCESO ADICIONAL DE MATERIA--TÉRMINO DE MATERIA
Término de materia o nombre geográfico como elemento de entrada Matrimonio
Fuente del encabezamiento o término embne
9 (RLIN) 14855
852 ## - LOCALIZACIÓN
Ubicación ES-MaACL
Número de control de estantería R-1365(3)
Nota libre -- Enc. hol., falto de la cub. original
-- -- Enc. en un vol. facticio, formando parte de la col. factica: "Colección de memorias médicas"
-- .- Donat. Mateo Seoane
Holdings
Estatus retirado Estado de pérdida Estado de daño No para préstamo Colección Biblioteca de origen Biblioteca actual Ubicación en estantería Fecha de adquisición Total de préstamos Signatura topográfica completa Código de barras Visto por última vez Precio de reemplazo Tipo de ítem Koha
        Libros del s. XIX Biblioteca del Ateneo de Madrid Biblioteca del Ateneo de Madrid Depósito 17/01/2008   R-1365(3) 1173303 23/02/2023 23/02/2023 Libro impreso antiguo